00521pab a2200181 454500008004000000100001600040245006400056260000900120300001300129362001000142650003000152650003000182650003900212650001900251700001800270700001700288773003400305180718b2007 xxu||||| |||| 00| 0 eng d aBarua, Alka aCare and support of unmarried adolescent girls in Rajasthan c2007 ap.54-62. a3 Nov aYouth - India - Rajasthan aGirls - India - Rajasthan aWomens studies - India - Rajasthan aWomens studies aPradeep Kumar aApte, Hemant aEconomic and Political Weekly